Warp-patterned weaves of the Andes (Record no. 10270)

MARC details
000 -CABECERA
campo de control de longitud fija 00716nam a2200253 a 4500
001 - NÚMERO DE CONTROL
campo de control BRL_1460
005 - FECHA Y HORA DE LA ÚLTIMA TRANSACCIÓN
campo de control 20190320211222.0
008 - DATOS DE LONGITUD FIJA--INFORMACIÓN GENERAL
campo de control de longitud fija 160114s1977----u--ao#####---#000-0#eng-#
041 ## - CÓDIGO DE LENGUA
Código de lengua del texto/banda sonora o título independiente eng
044 ## - CÓDIGO DEL PAÍS DE LA ENTIDAD EDITORA/PRODUCTORA
Código MARC del país u
050 #4 - SIGNATURA TOPOGRÁFICA DE LA BIBLIOTECA DEL CONGRESO
Número de clasificación TT848
Número de documento/Ítem .R69 1977
100 1# - ENTRADA PRINCIPAL--NOMBRE DE PERSONA
Nombre de persona Rowe, Ann Pollard
9 (RLIN) 26990
245 10 - MENCIÓN DE TÍTULO
Título Warp-patterned weaves of the Andes
Mención de responsabilidad, etc. by Ann Pollard Rowe.
260 ## - PUBLICACIÓN, DISTRIBUCIÓN, ETC.
Lugar de publicación, distribución, etc. Washington, D.C.
Nombre del editor, distribuidor, etc. The Textile Museum
Fecha de publicación, distribución, etc. 1977
300 ## - DESCRIPCIÓN FÍSICA
Extensión 119 p.
Otras características físicas il.
Dimensiones 21 cm.
500 ## - NOTA GENERAL
Nota general Au1638
504 ## - NOTA DE BIBLIOGRAFÍA, ETC.
Nota de bibliografía, etc. Bibliografía: p. 116-119
650 14 - PUNTO DE ACCESO ADICIONAL DE MATERIA--TÉRMINO DE MATERIA
Término de materia o nombre geográfico como elemento de entrada Tejido a mano
Subdivisión geográfica Andes
9 (RLIN) 26991
650 14 - PUNTO DE ACCESO ADICIONAL DE MATERIA--TÉRMINO DE MATERIA
Término de materia o nombre geográfico como elemento de entrada Tejido a mano
Subdivisión geográfica Perú
9 (RLIN) 26871
650 14 - PUNTO DE ACCESO ADICIONAL DE MATERIA--TÉRMINO DE MATERIA
Término de materia o nombre geográfico como elemento de entrada Tejeduría
Subdivisión geográfica Andes
9 (RLIN) 26992
650 14 - PUNTO DE ACCESO ADICIONAL DE MATERIA--TÉRMINO DE MATERIA
Término de materia o nombre geográfico como elemento de entrada Tejeduría
Subdivisión geográfica Perú
9 (RLIN) 26993
902 ## - CATALOGADOR
Iniciales GRL
942 ## - ELEMENTOS DE PUNTO DE ACCESO ADICIONAL (KOHA)
Fuente del sistema de clasificación o colocación Library of Congress Classification
Tipo de ítem Koha Libros
Holdings
Estado de retiro Estado de pérdida Estado dañado No para préstamo Localización permanente Ubicación/localización actual Fecha de adquisición Número de inventario Total de préstamos Signatura topográfica completa Código de barras Fecha visto por última vez Precio válido a partir de Tipo de ítem Koha
El ejemplar forma parte de la colección y puede ser consultado según las políticas vigentes.       Biblioteca Centro de Estudios Ruth D. Lechuga Biblioteca Centro de Estudios Ruth D. Lechuga 16/01/2014 Au1638   TT848 .R69 1977 (Au1638) GRL01620 22/03/2019 22/03/2019 Libros